| 000 | 00737nam a22002297a 4500 | ||
|---|---|---|---|
| 999 |
_c4900 _d4900 |
||
| 003 | AR-CdUCM | ||
| 008 | 190311b ||||| |||| 00| 0 spa d | ||
| 040 |
_aMUNICIPALIDAD PROVINCIAL DEL CUSCO _cBIBLIOTECA MUNICIPAL DEL CUSCO |
||
| 082 |
_a800.1 / _bED23 |
||
| 110 |
_aEditorial Atlantida _915058 |
||
| 245 |
_aAntologia : _bprosas maestras castellanas / |
||
| 260 |
_aBuenos Aires : _bEditorial Atlantida S.A., _c1952. |
||
| 300 |
_a291 paginas ; _c17 CM. |
||
| 440 |
_aColeccion de oro _n142-143 _915059 |
||
| 500 | _aDonación de la familia Nieto | ||
| 505 | _aProsas castellanas | ||
| 650 |
_aAntología Castellana _915060 |
||
| 650 |
_aProsas _915061 |
||
| 650 |
_aObras maestras _915062 |
||
| 942 |
_2ddc _cLIBROS |
||
| 945 | _awnts | ||